| 000 | 00573cam a2200205 4500 | ||
|---|---|---|---|
| 001 | D2119 | ||
| 008 | 090401t1975 xxu||||| |||| 00| 0 eng d | ||
| 035 | _a(Sirsi) u67503 | ||
| 041 | _aeng | ||
| 050 | _a711.1 | ||
| 110 | _aCALUS | ||
| 245 | _aDevelopment control - the Dobry report. Papers originally given at a Calus conference in March 1975 | ||
| 260 |
_aReading _bCollege of Estate Management _c1975 |
||
| 300 | _a39p. 21cm | ||
| 350 | _a0 | ||
| 490 |
_aOccasional Papers in Estate Management _v8 |
||
| 650 | _aDOBRY REPORT | ||
| 942 | _n0 | ||
| 948 | _c04/03/1997 | ||
| 999 |
_c95018 _d95018 |
||